[Event "AUT Team Ch 9697"]
[Site "Austria"]
[Date "1996.??.??"]
[Round "1"]
[White "Chernin, Alexander M"]
[Black "Bischoff, Klaus"]
[Result "1-0"]
[WhiteElo "2595"]
[BlackElo "2520"]
[PlyCount "61"]
[EventDate "1996.??.??"]
[Source "www.chesslib.no"]
[SourceDate "2004.05.04"]

1. d4 Nf6 2. c4 c5 3. d5 Ne4 4. Qc2 Qa5+ 5. Nd2 Nd6 6. b3 f5 7. Bb2 e6 8. Bc3 Qd8 9. e4 fxe4 10. Nxe4 exd5 11. cxd5 Nxe4 12. Qxe4+ Qe7 13. Qxe7+ Bxe7 14. Bxg7 Rg8 15. Bc3 d6 16. g3 Bf5 17. O-O-O Nd7 18. Bd3 Rg5 19. h4 Rh5 20. Be2 Rh6 21. g4 Be4 22. f3 Bg6 23. h5 Bg5+ 24. Kb2 Bf7 25. Nh3 Bf6 26. Bxf6 Rxf6 27. Ng5 Ke7 28. Nxh7 Rf4 29. Ng5 Rg8 30. Nh3 Rf6 31. f4 1-0

[Event "Cappelle Open"]
[Site "Cappelle la Grande FRA"]
[Date "1994.??.??"]
[Round "8"]
[White "Vaisser, Anatoli V"]
[Black "Todorov, Ognjan"]
[Result "0-1"]
[WhiteElo "2575"]
[BlackElo "2400"]
[PlyCount "132"]
[EventDate "1994.02.??"]
[Source "www.chesslib.no"]
[SourceDate "2004.05.04"]

1. d4 Nf6 2. c4 c5 3. d5 Ne4 4. Qc2 Qa5+ 5. Nd2 Nf6 6. e4 d6 7. a3 Na6 8. Rb1 g6 9. Bd3 Bg7 10. Ne2 O-O 11. O-O e6 12. b4 cxb4 13. Nb3 Qd8 14. Ned4 exd5 15. cxd5 Bd7 16. Bxa6 bxa6 17. axb4 Rc8 18. Nc6 Bxc6 19. dxc6 Qe8 20. Na5 Qxe4 21. Qb3 Nd5 22. Bd2 Be5 23. Rfe1 Qf5 24. Qc4 Nc7 25. Rb3 Nb5 26. Rd3 Rfe8 27. h3 h5 28. Kf1 Kg7 29. Be3 Qf6 30. Rc1 Rc7 31. Kg1 Qf5 32. g4 hxg4 33. hxg4 Qc8 34. Kg2 Rh8 35. Rh1 Rxh1 36. Kxh1 Qh8+ 37. Kg2 Qh2+ 38. Kf1 Qh1+ 39. Ke2 d5 40. Qc1 Qg2 41. g5 Re7 42. Kd1 Qg4+ 43. f3 Qxf3+ 44. Kc2 d4 45. Bd2 Qd5 46. Qb2 Bc7 47. Qb3 Qe4 48. Nc4 Qxc6 49. Kb2 Re2 50. Rf3 Qd5 51. Qd3 Re6 52. Rf1 Nd6 53. Rc1 Nxc4+ 54. Rxc4 Bb6 55. Rc8 Qb5 56. Qh3 Re8 57. Qh6+ Kg8 58. Rc1 Re2 59. Kb3 Qd3+ 60. Ka4 Qb5+ 61. Ka3 a5 62. Rh1 Qd3+ 63. Ka4 Qc2+ 64. Ka3 axb4+ 65. Kxb4 Qxd2+ 66. Kb5 Qa5+ 0-1

[Event "Ciocaltea mem"]
[Site "Bucharest"]
[Date "1998.??.??"]
[Round "4"]
[White "Kiselev, Sergey"]
[Black "Yegiazarian, Arsen"]
[Result "0-1"]
[WhiteElo "2510"]
[BlackElo "2455"]
[PlyCount "52"]
[EventDate "1998.02.??"]
[Source "ChessBase"]
[SourceDate "1998.06.15"]

1. d4 Nf6 2. c4 c5 3. d5 Ne4 4. Qc2 Qa5+ 5. Nd2 Nd6 6. e4 g6 7. b4 Qxb4 8. Bb2 Rg8 9. Bd3 b5 10. a3 Qa4 11. Qxa4 bxa4 12. Ne2 f5 13. e5 Bg7 14. Rb1 Nf7 15. f4 e6 16. Nc3 Na6 17. Bc2 g5 18. Bxa4 gxf4 19. dxe6 Nxe5 20. Ba1 Nc7 21. exd7+ Bxd7 22. O-O O-O-O 23. Nb3 Nxc4 24. Bxd7+ Rxd7 25. Rxf4 Nxa3 26. Rc1 Bh6 0-1

[Event "Cappelle Open"]
[Site "Cappelle la Grande FRA"]
[Date "1994.??.??"]
[Round "5"]
[White "Shipov, Sergei"]
[Black "Todorov, Ognjan"]
[Result "1/2-1/2"]
[WhiteElo "2525"]
[BlackElo "2400"]
[PlyCount "105"]
[EventDate "1994.02.??"]
[Source "www.chesslib.no"]
[SourceDate "2004.05.04"]

1. d4 Nf6 2. c4 c5 3. d5 Ne4 4. Qc2 Qa5+ 5. Nd2 Nf6 6. e4 d6 7. Ne2 g6 8. Nc3 Bg7 9. Be2 O-O 10. O-O e6 11. a3 Na6 12. Nb3 Qb6 13. Bg5 Nc7 14. Rad1 exd5 15. cxd5 Bd7 16. Nd2 Nb5 17. Bxb5 Bxb5 18. Nxb5 Qxb5 19. Nc4 Qa6 20. Rfe1 Rfe8 21. a4 Nd7 22. b3 Ne5 23. h3 Rab8 24. Bf4 Rbc8 25. Kh1 Nxc4 26. bxc4 Qb6 27. Rb1 Qc7 28. Bg3 Bd4 29. Rb3 Re7 30. Reb1 b6 31. f3 Rf8 32. Bh4 f6 33. Qd2 Kg7 34. Bf2 Bxf2 35. Qxf2 f5 36. exf5 Rxf5 37. Qb2+ Kh6 38. Qd2+ Kg7 39. Qb2+ Kh6 40. a5 bxa5 41. Qd2+ Kg7 42. Ra3 Rfe5 43. Rxa5 Qc8 44. Rba1 Qb7 45. Kh2 Qb3 46. Qa2 Qe3 47. Rxa7 Qf4+ 48. Kh1 Rxa7 49. Qxa7+ Kh6 50. Qa2 Re3 51. Qc2 Qd4 52. Rd1 Qe5 53. Qf2 1/2-1/2

[Event "Bratislava Open"]
[Site "Bratislava SVK"]
[Date "1993.??.??"]
[Round "3"]
[White "Sorokin, Maxim"]
[Black "Kadhi, Hameed M A"]
[Result "1-0"]
[WhiteElo "2515"]
[BlackElo "2305"]
[PlyCount "39"]
[EventDate "1993.??.??"]
[Source "www.chesslib.no"]
[SourceDate "2004.05.04"]

1. d4 Nf6 2. c4 c5 3. d5 Ne4 4. f3 Qa5+ 5. Nd2 Nd6 6. e4 g6 7. Bd3 Bg7 8. Ne2 b5 9. O-O bxc4 10. Nxc4 Nxc4 11. Bxc4 Ba6 12. Bd2 Qb6 13. Bxa6 Nxa6 14. Bc3 O-O 15. e5 f6 16. d6 exd6 17. Qd5+ Kh8 18. exf6 Bh6 19. Qg5 c4+ 20. Kh1 1-0

[Event "Senta"]
[Site "?"]
[Date "2000.??.??"]
[Round "?"]
[White "Kostic, V."]
[Black "Masic, P."]
[Result "0-1"]
[WhiteElo "2405"]
[BlackElo "2410"]
[PlyCount "108"]
[EventDate "2000.??.??"]
[Source "Chess Informant"]
[SourceDate "2000.06.01"]

1. d4 Nf6 2. c4 c5 3. d5 Ne4 4. Nf3 Qa5+ 5. Nfd2 g6 6. Qc2 Nd6 7. b4 Qxb4 8. Bb2 Rg8 9. Bc3 Qb6 10. e4 Bg7 11. Bd3 Bxc3 12. Nxc3 Na6 13. a3 f6 14. e5 fxe5 15. O-O Nf5 16. Nde4 d6 17. Rab1 Qa5 18. Qc1 Nc7 19. f4 exf4 20. Rxf4 h5 21. Qe1 Kd8 22. Ng5 Rg7 23. Qc1 b6 24. Qb2 Bd7 25. Nb5 Ne8 26. Ne6+ Bxe6 27. dxe6 a6 28. Nc3 Nd4 29. Rf8 Nxe6 30. Rh8 Nd4 31. Nd5 Rb8 32. Rf1 Kd7 33. Qc1 b5 34. Qe3 bxc4 35. Bxg6 Rxg6 36. Qxe7+ Kc6 37. Rxe8 Re6 38. Rxb8 Rxe7 39. Nxe7+ Kd7 40. Rb7+ Ke6 41. Ng6 Kd5 42. Ne7+ Ke4 43. Rbb1 c3 44. Rbe1+ Kd3 45. Nd5 c2 46. Nf4+ Kc4 47. Nxh5 Qd2 48. Ng3 d5 49. h4 Kb3 50. h5 c4 51. Kh2 c3 52. Kh3 Qg5 53. a4 Kb2 54. a5 Nb3 0-1

[Event "Andorra op"]
[Site "?"]
[Date "1993.??.??"]
[Round "7"]
[White "Suba, M."]
[Black "Narciso, M."]
[Result "1-0"]
[WhiteElo "2500"]
[BlackElo "2300"]
[PlyCount "39"]
[EventDate "1993.??.??"]
[Source "www.chesslib.no"]
[SourceDate "2004.05.04"]

1. d4 Nf6 2. c4 c5 3. d5 Ne4 4. Qc2 Qa5+ 5. Nd2 Nd6 6. e4 g6 7. Ngf3 Bg7 8. Bd3 Na6 9. a3 b5 10. O-O Nb4 11. axb4 Qxa1 12. cxb5 cxb4 13. e5 Nb7 14. Nb3 Qa2 15. Bf4 Nc5 16. Nxc5 Qa5 17. e6 O-O 18. exd7 Bxd7 19. Nxd7 Rfc8 20. Qb3 1-0

[Event "Kiev"]
[Site "Kiev"]
[Date "1997.??.??"]
[Round "4"]
[White "Shishkin, Vadim"]
[Black "Nadanian, Ashot"]
[Result "1-0"]
[WhiteElo "2425"]
[BlackElo "2375"]
[PlyCount "69"]
[EventDate "1997.??.??"]
[Source "www.chesslib.no"]
[SourceDate "2004.05.04"]

1. d4 Nf6 2. c4 c5 3. d5 Ne4 4. f3 Qa5+ 5. Nd2 Nd6 6. e4 g6 7. e5 Nf5 8. Bd3 d6 9. exd6 exd6 10. Nh3 Bg7 11. Qe2+ Kd8 12. O-O Nd4 13. Qf2 Kc7 14. Ng5 h6 15. Nxf7 Rf8 16. Nxd6 Kxd6 17. Qg3+ Kd7 18. Qxg6 Bh8 19. Qxh6 Qd8 20. Ne4 Be5 21. Bg5 Qe8 22. Nxc5+ Kc7 23. Bg6 Rf7 24. Bxf7 Qxf7 25. Nd3 Nf5 26. Nxe5 Nxh6 27. Nxf7 Nxf7 28. Bf4+ Kd8 29. g4 Nd7 30. Rae1 a5 31. g5 Nf8 32. h4 Ng6 33. Bg3 Ne7 34. Kf2 Bf5 35. h5 1-0

[Event "Plovdiv BUL"]
[Site "?"]
[Date "2006.02.10"]
[Round "5.5"]
[White "Petkov Vladimir"]
[Black "Panajotov Janko"]
[Result "1-0"]
[WhiteElo "2512"]
[BlackElo "2275"]
[PlyCount "29"]
[EventDate "2006.??.??"]
[Source "www.chesslib.no"]
[SourceDate "2004.05.04"]

1. d4 Nf6 2. c4 c5 3. d5 Ne4 4. Nf3 g6 5. Nbd2 Qa5 6. b4 Qxb4 7. Rb1 Qa5 8. Rb5 Qxa2 9. Nxe4 b6 10. Nc3 Qxc4 11. Bd2 Ba6 12. e4 Bxb5 13. Bxc4 Bxc4 14. Qa4 Ba6 15. Bf4 1-0

[Event "Barcelona"]
[Site "Barcelona"]
[Date "1996.??.??"]
[Round "3"]
[White "Jose Abril, Ramon"]
[Black "Narciso Dublan, Marc"]
[Result "1-0"]
[WhiteElo "2315"]
[BlackElo "2440"]
[PlyCount "59"]
[EventDate "1996.??.??"]
[Source "www.chesslib.no"]
[SourceDate "2004.05.04"]

1. d4 Nf6 2. c4 c5 3. d5 Ne4 4. Qc2 Qa5+ 5. Nd2 f5 6. f3 Nd6 7. e4 e6 8. b4 Qxb4 9. Rb1 Qa5 10. Bb2 Qd8 11. Nh3 fxe4 12. fxe4 Qh4+ 13. Nf2 Nf7 14. Nf3 Qh6 15. e5 Ng5 16. Nxg5 Qxg5 17. Ne4 Qf4 18. Be2 Na6 19. a3 Be7 20. d6 Bd8 21. Bc1 Qf5 22. Rf1 Qxe5 23. Bb2 Qxh2 24. Bxg7 Rg8 25. Nf6+ Bxf6 26. Bxf6 Rf8 27. Qc3 b6 28. Qf3 Rxf6 29. Qxf6 Qg3+ 30. Rf2 1-0

[Event "Berliner Sommer 16th"]
[Site "Berlin"]
[Date "1998.??.??"]
[Round "7"]
[White "Schulz, Rainer"]
[Black "Thesing, Matthias"]
[Result "1/2-1/2"]
[WhiteElo "2290"]
[BlackElo "2460"]
[PlyCount "39"]
[EventDate "1998.08.08"]
[Source "ChessBase"]
[SourceDate "1998.11.06"]

1. d4 Nf6 2. c4 c5 3. d5 Ne4 4. f3 Qa5+ 5. Nd2 Nd6 6. e4 g6 7. Bd3 Bg7 8. Ne2 b5 9. O-O Qb6 10. Kh1 bxc4 11. Nxc4 Nxc4 12. Bxc4 O-O 13. Rb1 d6 14. Bg5 Re8 15. b4 cxb4 16. Qa4 Bd7 17. Qxb4 Qxb4 18. Rxb4 h6 19. Bh4 Rc8 20. Bd3 1/2-1/2

[Event "NRW-Liga II 9495"]
[Site "GER"]
[Date "1995.??.??"]
[Round "?"]
[White "Schoen, Wolfram"]
[Black "Essing, Arnold"]
[Result "1-0"]
[WhiteElo "2390"]
[BlackElo "2350"]
[PlyCount "46"]
[EventDate "1994.??.??"]
[Source "www.chesslib.no"]
[SourceDate "2004.05.04"]

1. d4 Nf6 2. c4 c5 3. d5 Ne4 4. Qc2 Qa5+ 5. Nc3 Nxc3 6. Bd2 e5 7. dxe6 dxe6 8. Bxc3 Qc7 9. Nf3 Nc6 10. e3 e5 11. Be2 g6 12. O-O-O Bg7 13. h4 Bd7 14. Ng5 f5 15. Qd2 Nd4 16. exd4 cxd4 17. Bb4 a5 18. Ba3 h6 19. Nh3 a4 20. Kb1 e4 21. Nf4 d3 22. Bxd3 exd3 23. Rhe1+ Kd8 1-0

[Event "Guingamp FRA, Breizh Masculin 05"]
[Site "?"]
[Date "2005.02.25"]
[Round "8"]
[White "Dumitrache Dragos-Nicolae"]
[Black "Gervasio Ricardo"]
[Result "1-0"]
[WhiteElo "2465"]
[BlackElo "2269"]
[PlyCount "83"]
[EventDate "2005.??.??"]
[Source "www.chesslib.no"]
[SourceDate "2004.05.04"]

1. d4 Nf6 2. c4 c5 3. d5 Ne4 4. Qc2 Nd6 5. e4 g6 6. Nc3 Bg7 7. Nf3 e5 8. Bd3 O-O 9. g4 b5 10. cxb5 a6 11. b6 c4 12. Be2 Qxb6 13. Be3 Qc7 14. Na4 a5 15. Nd2 Na6 16. a3 Nb5 17. Qxc4 Qxc4 18. Nxc4 Nd4 19. Bxd4 exd4 20. Rc1 d6 21. Nxd6 d3 22. Bxd3 Bxg4 23. O-O Nb8 24. Kg2 Nd7 25. f4 Nf6 26. Rc5 Bh6 27. h3 Bd7 28. Nb6 Rab8 29. Ndc4 Be8 30. d6 Rd8 31. Kf3 Nh5 32. Ke3 f6 33. Rxa5 Bf7 34. Rc5 g5 35. f5 Nf4 36. Be2 Nxh3 37. Bh5 Nf4 38. d7 Rb8 39. b4 Rfd8 40. Rc8 Bf8 41. Rxb8 Rxb8 42. Nc8 1-0

[Event "Issy FRA Op"]
[Site "?"]
[Date "1993.??.??"]
[Round "2"]
[White "Solozhenkin, E."]
[Black "Liardet, F."]
[Result "1-0"]
[WhiteElo "2480"]
[BlackElo "2245"]
[PlyCount "45"]
[EventDate "1993.??.??"]
[Source "www.chesslib.no"]
[SourceDate "2004.05.04"]

1. d4 Nf6 2. c4 c5 3. d5 Ne4 4. Qc2 Qa5+ 5. Nd2 Nd6 6. b3 f5 7. Bb2 e6 8. Bc3 Qb6 9. Qb2 Rg8 10. a4 Na6 11. g3 Nb4 12. Bg2 Nf7 13. Nh3 Bd6 14. O-O g5 15. f4 Bc7 16. fxg5 Nxg5 17. Nxg5 Rxg5 18. a5 Qd6 19. Bxb4 cxb4 20. Ne4 Qe7 21. Qh8+ Kf7 22. Nxg5+ Qxg5 23. Qxh7+ 1-0

[Event "Master Open"]
[Site "Singapore"]
[Date "2004.12.14"]
[Round "6"]
[White "Simanjuntak, Sebastian"]
[Black "Singh, Gurpreetpal"]
[Result "0-1"]
[WhiteElo "2377"]
[BlackElo "2341"]
[PlyCount "116"]
[EventDate "2004.12.11"]
[Source "Roberto Alvarez"]
[SourceDate "2004.12.13"]

1. d4 Nf6 2. c4 c5 3. d5 Ne4 4. f3 Qa5+ 5. Nd2 Nd6 6. e4 g6 7. Bd3 b5 8. cxb5 Nxb5 9. Bxb5 Qxb5 10. Qb3 Ba6 11. Qxb5 Bxb5 12. Ne2 d6 13. Nc3 Ba6 14. b3 Bg7 15. Bb2 Nd7 16. Na4 Ne5 17. Bxe5 Bxe5 18. O-O-O O-O 19. Nb2 Bb5 20. Nbc4 Bd4 21. Kc2 f5 22. Rhe1 f4 23. a4 Bd7 24. Re2 Rfd8 25. Na5 Rab8 26. Ndc4 Kf8 27. g3 g5 28. g4 Be8 29. Rxd4 cxd4 30. Kd3 e5 31. dxe6 Ke7 32. h4 gxh4 33. Rh2 Kxe6 34. Rxh4 d5 35. Nd2 Rd7 36. Nc6 dxe4+ 37. fxe4 Rb6 38. Nxd4+ Kf6 39. Kc3 Bg6 40. e5+ Kxe5 41. Nc4+ Ke4 42. Nxb6 axb6 43. Nf5 Bxf5 44. gxf5 Kxf5 45. Kc4 f3 46. Kb5 f2 47. Rh1 Kg4 48. Kxb6 Kg3 49. a5 Kg2 50. Ra1 h5 51. a6 h4 52. a7 Rxa7 53. Kxa7 f1=Q 54. Rxf1 Kxf1 55. b4 h3 56. b5 h2 57. b6 h1=Q 58. b7 Qh7 0-1

[Event "BL2-West 0001"]
[Site "Germany"]
[Date "2001.02.18"]
[Round "6.6"]
[White "Spacek, Petr"]
[Black "Gallinnis, Norbert"]
[Result "1-0"]
[WhiteElo "2390"]
[BlackElo "2307"]
[PlyCount "65"]
[EventDate "2000.10.15"]
[Source "ChessBase"]
[SourceDate "2001.07.03"]

1. d4 Nf6 2. c4 c5 3. d5 Ne4 4. Qc2 Qa5+ 5. Nd2 Nd6 6. b3 f5 7. Bb2 e6 8. Bc3 Qd8 9. e4 Qe7 10. O-O-O Rg8 11. exf5 Nxf5 12. Ngf3 Na6 13. g4 Nh6 14. Qxh7 g5 15. Bd3 Nb4 16. Bg6+ Kd8 17. Kb1 exd5 18. Rde1 Qxh7 19. Re8+ Kc7 20. Bxh7 Bg7 21. Rxg8 Bxc3 22. Rxg5 b5 23. cxd5 d6 24. Ne4 Bh8 25. a3 Na6 26. Nxd6 Bd7 27. Nf5 Rf8 28. N3h4 c4 29. Ng6 b4 30. Nxf8 bxa3 31. Re1 c3 32. Ng7 Bxg7 33. Rxg7 1-0

[Event "Corr"]
[Site "?"]
[Date "2001.06.07"]
[Round "?"]
[White "Balabaev Farid Gasisovich"]
[Black "Morin Stephane"]
[Result "1/2-1/2"]
[WhiteElo "2318"]
[BlackElo "2362"]
[PlyCount "64"]
[EventDate "2001.??.??"]
[Source "www.chesslib.no"]
[SourceDate "2004.05.04"]

1. d4 Nf6 2. c4 c5 3. d5 Ne4 4. Nf3 Qa5+ 5. Nfd2 g6 6. f3 Nd6 7. e4 Bg7 8. Be2 b5 9. O-O Nxc4 10. Bxc4 bxc4 11. Nxc4 Qb4 12. Qc2 Ba6 13. Nba3 d6 14. Bd2 Qb7 15. Bc3 O-O 16. Bxg7 Kxg7 17. Rfe1 Nd7 18. Rad1 Rab8 19. b3 Kg8 20. e5 Qc7 21. f4 Bxc4 22. Nxc4 Nb6 23. Re2 Nxc4 24. bxc4 Rb6 25. exd6 Qxd6 26. f5 Rfb8 27. Rde1 Rb2 28. Qe4 Rxe2 29. Qxe2 Rb7 30. Qe4 Kg7 31. fxg6 hxg6 32. Qe3 Rb4 1/2-1/2

[Event "Corr"]
[Site "?"]
[Date "2001.06.07"]
[Round "?"]
[White "Morin Stephane"]
[Black "Balabaev Farid Gasisovich"]
[Result "1-0"]
[WhiteElo "2361"]
[BlackElo "2318"]
[PlyCount "119"]
[EventDate "2001.??.??"]
[Source "www.chesslib.no"]
[SourceDate "2004.05.04"]

1. d4 Nf6 2. c4 c5 3. d5 Ne4 4. Qc2 Qa5+ 5. Nd2 f5 6. f3 Nd6 7. e4 g6 8. e5 Nf7 9. f4 Bg7 10. Kf2 Na6 11. Ngf3 O-O 12. a3 e6 13. d6 g5 14. Nb3 Qd8 15. g3 b6 16. Bg2 Rb8 17. Qe2 g4 18. Nh4 Bb7 19. h3 Nh6 20. Bxb7 Rxb7 21. Ng2 Nb8 22. Ne3 gxh3 23. Rxh3 a5 24. a4 Nc6 25. Bd2 Nd4 26. Nxd4 cxd4 27. Nc2 Ng4+ 28. Ke1 Rb8 29. Nxd4 Rf7 30. Be3 Qc8 31. Rc1 Bh8 32. Qf3 Rg7 33. b3 Rg6 34. Kd2 Bg7 35. Rch1 Rh6 36. Rxh6 Bxh6 37. Nc2 Bg7 38. Bd4 Qe8 39. Ne3 Nh6 40. Qh5 Qxh5 41. Rxh5 Nf7 42. Kd3 Nd8 43. g4 fxg4 44. Nxg4 Nc6 45. Nf6+ Bxf6 46. exf6 Nxd4 47. Kxd4 Rc8 48. c5 Rxc5 49. Rxc5 bxc5+ 50. Kxc5 h5 51. Kb6 Kf7 52. Kc7 Ke8 53. b4 axb4 54. a5 b3 55. a6 b2 56. a7 b1=Q 57. a8=Q+ Kf7 58. Qh8 Qc2+ 59. Kd8 Qg6 60. Kxd7 1-0

[Event "Bayernliga 05/06 (RLSW)"]
[Site "?"]
[Date "2005.11.13"]
[Round "2.1"]
[White "Umansky Mikhail Markovich ("]
[Black "Hoy Bernd"]
[Result "1-0"]
[WhiteElo "2457"]
[BlackElo "2220"]
[PlyCount "129"]
[EventDate "2005.??.??"]
[Source "www.chesslib.no"]
[SourceDate "2004.05.04"]

1. d4 Nf6 2. c4 c5 3. d5 Ne4 4. Qc2 Qa5+ 5. Nd2 Nd6 6. e4 g6 7. Ngf3 Bg7 8. Bd3 e5 9. O-O O-O 10. a3 Na6 11. b4 Qd8 12. Bb2 Qe7 13. Rfe1 Ne8 14. Nb3 d6 15. Bc3 Bd7 16. Qb2 f6 17. Na5 b6 18. Nc6 Bxc6 19. dxc6 Nac7 20. Nd2 Ne6 21. Nf1 f5 22. Ne3 Nf4 23. Nd5 Qg5 24. Nxf4 Qxf4 25. Qc2 Qg5 26. exf5 gxf5 27. Rad1 Rc8 28. b5 Rd8 29. Re3 e4 30. Bf1 Bxc3 31. Qxc3 Ng7 32. f3 Ne6 33. fxe4 f4 34. Rd5 Qg6 35. Red3 Ng5 36. c7 Rd7 37. e5 f3 38. Kh1 Ne4 39. Rxf3 Rxc7 40. Rxf8+ Kxf8 41. Qe3 Rf7 42. Kg1 dxe5 43. Bd3 Qf6 44. h3 Nf2 45. Rxe5 Nxd3 46. Re8+ Kg7 47. Qxd3 Qf2+ 48. Kh2 Qf4+ 49. Qg3+ Qxg3+ 50. Kxg3 Rd7 51. Kf4 Kf6 52. Ke3 Rg7 53. g4 h5 54. Kf4 hxg4 55. hxg4 Rd7 56. a4 Rd4+ 57. Re4 Rd1 58. g5+ Kg6 59. Re6+ Kf7 60. Rf6+ Kg7 61. a5 bxa5 62. Ra6 Rd4+ 63. Kf5 Rxc4 64. Rxa7+ Kg8 65. b6 1-0

[Event "Elista ol (Men)"]
[Site "Elista"]
[Date "1998.10.03"]
[Round "5"]
[White "Kutirov, Rolando"]
[Black "Al Subaihi, Khlil"]
[Result "1-0"]
[WhiteElo "2420"]
[BlackElo "2240"]
[PlyCount "65"]
[EventDate "1998.09.29"]
[Source "ChessBase"]
[SourceDate "1998.11.06"]

1. d4 Nf6 2. c4 c5 3. d5 Ne4 4. Nf3 Qa5+ 5. Nfd2 g6 6. Qc2 f5 7. f3 Nf6 8. b3 Bg7 9. Bb2 O-O 10. Nc3 e6 11. e3 Bh6 12. Kf2 e5 13. Re1 Qd8 14. g3 d6 15. Kg2 Nh5 16. Bd3 a6 17. Rhf1 Nd7 18. f4 Rb8 19. Kh1 Nhf6 20. e4 exf4 21. gxf4 Nh5 22. Ne2 Qh4 23. Nf3 Qh3 24. exf5 Ndf6 25. Nfg1 Qh4 26. fxg6 hxg6 27. Bxg6 Bxf4 28. Nf3 Qh3 29. Bxh5 Bf5 30. Rg1+ Kh8 31. Nxf4 Qxf3+ 32. Bxf3 Bxc2 33. Nh5 1-0

[Event "NRW-Liga II 9697"]
[Site "Germany"]
[Date "1996.??.??"]
[Round "1.2"]
[White "Kalka, Arkadius Georg"]
[Black "Gallinnis, Norbert"]
[Result "1-0"]
[WhiteElo "2330"]
[BlackElo "2325"]
[PlyCount "89"]
[EventDate "1996.??.??"]
[Source "www.chesslib.no"]
[SourceDate "2004.05.04"]

1. d4 Nf6 2. c4 c5 3. d5 Ne4 4. Qc2 Qa5+ 5. Nd2 Nd6 6. b3 f5 7. Bb2 e6 8. e3 Na6 9. Bc3 Qd8 10. dxe6 dxe6 11. Ngf3 Qe7 12. Qb2 Rg8 13. Bd3 Nb4 14. Bb1 Nc6 15. O-O g6 16. Ne5 Nxe5 17. Bxe5 Bg7 18. Bc2 Bxe5 19. Qxe5 Nf7 20. Qc3 e5 21. a3 g5 22. b4 g4 23. bxc5 Rg6 24. Rfd1 Ng5 25. Nf1 Nf7 26. Rd2 Qxc5 27. Ng3 Rg5 28. Rd5 Qe7 29. Rad1 Be6 30. Rxe5 Nxe5 31. Qxe5 Rd8 32. Rxd8+ Kxd8 33. Qb8+ Bc8 34. Qxa7 Qd6 35. c5 Qc7 36. Qa4 Qxc5 37. h4 gxh3 38. Qh4 Qe7 39. Qd4+ Bd7 40. Bxf5 hxg2 41. Qf4 Ke8 42. Ne4 Rxf5 43. Nd6+ Kf8 44. Nxf5 Qxa3 45. Nd6+ 1-0

[Event "Herrenberg"]
[Site "Herrenberg"]
[Date "1986.??.??"]
[Round "4"]
[White "Roemer, Ulrich"]
[Black "Birke, Matthias"]
[Result "0-1"]
[WhiteElo "2350"]
[BlackElo "2305"]
[PlyCount "114"]
[EventDate "1986.??.??"]
[Source "www.chesslib.no"]
[SourceDate "2004.05.04"]

1. d4 Nf6 2. c4 c5 3. d5 Ne4 4. Qc2 Qa5+ 5. Nd2 Nd6 6. e4 g6 7. Bd3 Na6 8. a3 Bg7 9. Ne2 b5 10. O-O O-O 11. Rb1 bxc4 12. Nxc4 Nxc4 13. Bxc4 d6 14. Bd2 Qb6 15. Qa4 Nb8 16. Ba5 Bd7 17. Qxd7 Nxd7 18. Bxb6 axb6 19. Bb5 Rfd8 20. a4 Ra5 21. Nc1 Nb8 22. Nb3 Ra7 23. Nd2 Na6 24. Nc4 Rb8 25. b3 Nb4 26. Rfe1 Bd4 27. Kf1 Kg7 28. Re2 f5 29. f3 fxe4 30. fxe4 Rf8+ 31. Ke1 Bc3+ 32. Nd2 Nc2+ 33. Kd1 Nd4 34. Nf3 Nxe2 35. Kxe2 h6 36. Kd3 Be5 37. Bc6 Rf4 38. Re1 g5 39. h3 g4 40. hxg4 Rxg4 41. Re2 Rg3 42. Ke3 Kf6 43. Kf2 Rg4 44. Nd2 Bd4+ 45. Kf3 Rg8 46. Nc4 h5 47. g3 Rb8 48. Re1 Rc7 49. Kg2 Rcc8 50. Rf1+ Kg6 51. Bb5 Rf8 52. Rxf8 Rxf8 53. Nxb6 Rf2+ 54. Kh3 Rb2 55. Bc4 Kg5 56. a5 Bg1 57. g4 h4 0-1

[Event "BL2-W 9394"]
[Site "GER"]
[Date "1994.??.??"]
[Round "?"]
[White "Kertesz, Alfred"]
[Black "Gallinnis, Norbert"]
[Result "0-1"]
[WhiteElo "2375"]
[BlackElo "2275"]
[PlyCount "58"]
[EventDate "1993.10.??"]
[Source "www.chesslib.no"]
[SourceDate "2004.05.04"]

1. d4 Nf6 2. c4 c5 3. d5 Ne4 4. Qc2 Qa5+ 5. Nc3 Nxc3 6. Bd2 Qc7 7. Bxc3 e5 8. f4 d6 9. Nf3 Nd7 10. g3 g6 11. Bh3 Bg7 12. O-O-O f6 13. e4 a6 14. Be6 b5 15. f5 Nb6 16. Ba5 Rb8 17. g4 Bh6+ 18. Bd2 Bxd2+ 19. Nxd2 Nxc4 20. Nxc4 bxc4 21. h4 c3 22. Qxc3 Rb4 23. Qf3 Bxe6 24. dxe6 O-O 25. Rh2 Kh8 26. g5 Qe7 27. Rf1 fxg5 28. hxg5 Qxg5+ 29. Kb1 gxf5 0-1

[Event "Sunny Beach BUL, Open 2005"]
[Site "?"]
[Date "2005.09.21"]
[Round "6.11"]
[White "Nikolov Momchil"]
[Black "Badev Kiril"]
[Result "0-1"]
[WhiteElo "2400"]
[BlackElo "2241"]
[PlyCount "74"]
[EventDate "2005.??.??"]
[Source "www.chesslib.no"]
[SourceDate "2004.05.04"]

1. d4 Nf6 2. c4 c5 3. d5 Ne4 4. f3 Qa5+ 5. Nd2 Nd6 6. e4 g6 7. Bd3 Bg7 8. Ne2 O-O 9. O-O f5 10. a3 Qd8 11. Rb1 fxe4 12. Nxe4 Nxe4 13. Bxe4 d6 14. b4 cxb4 15. axb4 a5 16. Be3 axb4 17. Rxb4 Na6 18. Rb1 Qc7 19. Qc2 Nc5 20. Bd4 Bd7 21. Bxg7 Kxg7 22. Qc3+ Kg8 23. Ng3 Nxe4 24. Nxe4 Bf5 25. Rfe1 Ra4 26. Rbc1 Bxe4 27. Rxe4 Qc5+ 28. Kh1 Rf7 29. h3 Ra2 30. Qe1 Qa3 31. Rb1 Rxf3 32. Qh4 Qd3 33. Rbe1 Rf1+ 34. Kh2 Rxg2+ 35. Kxg2 Qf3+ 36. Kh2 Qh1+ 37. Kg3 Rf3+ 0-1

[Event "Copenhagen OBRO"]
[Site "Copenhagen"]
[Date "1993.??.??"]
[Round "3"]
[White "Olsen, Peter Erik"]
[Black "Welling, Gerard"]
[Result "0-1"]
[WhiteElo "2240"]
[BlackElo "2400"]
[PlyCount "78"]
[EventDate "1993.??.??"]
[Source "www.chesslib.no"]
[SourceDate "2004.05.04"]

1. d4 Nf6 2. c4 c5 3. d5 Ne4 4. Qc2 Qa5+ 5. Nc3 Nxc3 6. Bd2 e5 7. Bxc3 Qc7 8. g3 d6 9. e4 Nd7 10. Bg2 Be7 11. Ne2 O-O 12. O-O b5 13. cxb5 Rb8 14. a4 a6 15. Ra3 Nf6 16. Rfa1 axb5 17. axb5 Rb6 18. Ra7 Rb7 19. Qa4 Bd7 20. Qa5 Qc8 21. Qa6 Rxa7 22. Qxa7 Re8 23. Nc1 h5 24. Nb3 h4 25. Nd2 Bxb5 26. Qb6 Bd3 27. Re1 hxg3 28. hxg3 Qg4 29. Bf3 Qh3 30. b4 cxb4 31. Bxb4 g6 32. Bxd6 Bxd6 33. Qxd6 Kg7 34. Bg2 Qh6 35. Qb4 Rc8 36. Nf3 Rc1 37. Nxe5 Be2 38. Nf3 Bd3 39. Qd2 Qxd2 0-1

[Event "Bucharest TIT"]
[Site "Bucharest"]
[Date "1999.03.04"]
[Round "4"]
[White "Veneteanu, Ion Cristian"]
[Black "Berescu, Alin"]
[Result "1/2-1/2"]
[WhiteElo "2245"]
[BlackElo "2392"]
[PlyCount "36"]
[EventDate "1999.03.01"]
[Source "ChessBase"]
[SourceDate "1999.05.10"]

1. d4 Nf6 2. c4 c5 3. d5 Ne4 4. Qc2 Qa5+ 5. Nc3 Nxc3 6. Bd2 e5 7. Bxc3 Qc7 8. g3 d6 9. Bh3 Nd7 10. e4 Be7 11. Ne2 O-O 12. O-O Rb8 13. a4 b6 14. Kh1 Re8 15. Ng1 Bf6 16. b3 a6 17. Qd3 Qd8 18. Ra2 g6 1/2-1/2

[Event "PER-ch45"]
[Site "?"]
[Date "1997.??.??"]
[Round "5"]
[White "Pacheco Asmat, Jorge"]
[Black "Gonzales, Manuel"]
[Result "1/2-1/2"]
[WhiteElo "2375"]
[BlackElo "2260"]
[PlyCount "79"]
[EventDate "1997.??.??"]
[Source "www.chesslib.no"]
[SourceDate "2004.05.04"]

1. d4 Nf6 2. c4 c5 3. d5 Ne4 4. f3 Qa5+ 5. Nd2 Nd6 6. e4 g6 7. e5 Nf5 8. Kf2 Bg7 9. Nb3 Qc7 10. g4 Nd4 11. Nxd4 cxd4 12. Bf4 Bxe5 13. Bxe5 Qxe5 14. Qd2 Qe3+ 15. Qxe3 dxe3+ 16. Kxe3 d6 17. Ne2 h5 18. g5 O-O 19. Nd4 Nd7 20. Re1 Nc5 21. b4 Na6 22. Kd2 Re8 23. a3 Nc7 24. Bd3 Bh3 25. Re2 e5 26. dxe6 Nxe6 27. Nxe6 Bxe6 28. Kc3 a5 29. b5 Rac8 30. Kd4 Rc5 31. f4 Rec8 32. Rhe1 d5 33. Rxe6 fxe6 34. Rxe6 dxc4 35. Rxg6+ Kf7 36. Rf6+ Ke7 37. Bf5 c3 38. Re6+ Kf8 39. Rf6+ Ke7 40. Re6+ 1/2-1/2